zpět

Detail výsledku týmu

U Lucerny ST, Brno

Datum a čas kvízu

27.5 Celkem bodů Celkový počet nahraných bodů na tomto kvízu bez doplňovacích otázek.
9. Pořadí na kvízu Konečné umístění týmu na tomto kvízu.

Zaznamenané odpovědi

# Otázka Odpověď Body Výsledky
1. Zástupci organizace Liga Libe... v roušce 0
2. V pátek byl v italských Benátk... Mojžíš 1
3. Turecký prezident Recep Erdoğa... chrám Boží Moudrosti (Hagia Sofia) 0
4. Automobilka Tesla nedávno popr... šortky 0
5. Nejslavnější bývalý atlet na s... Olympia Lightning 1
6. Různé návykové látky jsou užív... pelyněk (pravý) 1
7. Užívání tabákových výrobků je... polevím z vysokejch otáček 1
8. Vhodné kultivary konopí jsou p... pazdeří 0
9. Znáte nebo dokážete odvodit ná... Heroin 1
10. Kokain byl poprvé izolován v r... Medellín 0